000 00501nam a22001937a 4500
003 MPLRDC
005 20220104144135.0
008 210129b ||||| |||| 00| 0 eng d
020 _a7-5301-0899-9
082 _a308.9 JTN v.2
100 _a神界漫画工作室绘; 杨鹏文
245 _a牛顿号
_c
250 _a初版
260 _a
_b北京少年儿童出版社
_c2001
300 _b
490 _a漫画金头脑丛书
650 _a儿童用科学丛书
942 _cBK
_o308.9 JTN v.2
999 _c46763
_d46753